000 00405pab a2200157 454500
008 180718b2002 xxu||||| |||| 00| 0 eng d
100 _aSperling, Louise
245 _aEmergency seed aid in Kenya: some case study insights on lessons learned during the 1990s
260 _c2002
300 _ap.329-42.
362 _aDec
650 _aSeeds
650 _aCrops
773 _aDisasters
909 _a55448
999 _c55448
_d55448